| 000 | 00448nam a2200157 a 4500 | ||
|---|---|---|---|
| 001 | 2589 | ||
| 003 | CDMR | ||
| 005 | 20130322140338.0 | ||
| 008 | 130130s1989||||||||||||||||||||||||||||d | ||
| 020 | _a8477810451 | ||
| 040 |
_aCDMR _bcat _cCPC GIRONA |
||
| 100 | 1 |
_aFerrer i Gironès, Francesc _91942 |
|
| 245 | 1 | 0 |
_aLletres de batalla _cFrancesc Ferrer i Gironès _b: cartes per la llengua catalana |
| 260 |
_c1989 _bEl Llamp _aBarcelona |
||
| 942 |
_cMON _2udc |
||
| 999 |
_c2589 _d2589 |
||